Statistics for Which Country doesn't Match?

Click here to take the quiz!

General Stats

  • This quiz has been taken 140 times
  • The average score is 10 of 15

Answer Stats

QuestionAnswer% Correct
Olympic hostsIndia
89%
Capital starting with "S"Botswana
81%
FIFA winnersSweden
81%
British coloniesEthiopia
80%
SaharanKenya
80%
Completely surrounded by another countryGuinea-Bissau
79%
European UnionUkraine
76%
Muslim MajorityD.R. Congo
73%
CommunistJapan
72%
Bordering BrazilEcuador
70%
Tropic of CancerIndonesia
54%
Neutral to WWIINetherlands
42%
Complete recognition by UN membersChina
37%
Adopted Metric systemChina
32%
Danube flowsCzechia
27%

Score Distribution

Percentile by Number Answered

Percent of People with Each Score

Your Score History

You have not taken this quiz